00350 a2200097 4500001000900000005001700009008004100026245011600067100002700183773004200210ART_722220260410161623.0260409a 10aLa continuidad de la explotación. La viabilidad de la empresa y la reforma de la Ley de Quiebras "Ley 26.684"1 aRodríguez, Raquel E.0 tEnfoquesg- Nº 9 (sep. 2011)wREV416